[Event "Panchavati op 2nd"]
[Site "Panchavati"]
[Date "2016.05.19"]
[Round "4"]
[White "Bhakti, Kulkarni"]
[Black "Bramhecha, Divesh"]
[Result "1-0"]
[WhiteElo "2296"]
[BlackElo "1793"]
[PlyCount "73"]
[EventDate "2016.05.17"]
[EventType "swiss"]
[EventRounds "10"]
[EventCountry "IND"]
[SourceTitle "CBM 172 Extra"]
[Source "ChessBase"]
[SourceDate "2016.06.21"]
[SourceVersion "1"]
[SourceVersionDate "2016.06.21"]
[SourceQuality "1"]

1. d4 e6 2. Nf3 Nf6 3. c4 Bb4+ 4. Bd2 Bxd2+ 5. Qxd2 0-0 6. Nc3 d6 7. g3 d5 8. Bg2 Nbd7 9. b3 Re8 10. 0-0 c6 11. Qc2 Nb6 12. Qd3 Qe7 13. Rfe1 Qb4 14. Ne5 Nfd7 15. Nxd7 Bxd7 16. c5 Nc8 17. e4 Ne7 18. Bh3 Rad8 19. e5 Ng6 20. f4 f5 21. exf6 gxf6 22. a3 Qa5 23. b4 Qc7 24. f5 e5 25. Bg2 e4 26. Nxe4 dxe4 27. Qb3+ Be6 28. fxe6 Rxd4 29. Bxe4 Ne5 30. Rad1 Rxd1 31. Rxd1 Kg7 32. Rd6 Rd8 33. Qd1 Re8 34. Bxh7 Kxh7 35. Qh5+ Kg7 36. Qxe8 Kh6 37. e7 1-0